Szczegóły MARC21

Transport law in Turkey /

005 -DATA I CZAS OSTATNIEJ MODYFIKACJI [,]
    • @
    • pole kontrolne
    • 20140221130229.0
020 -Międzynarod. znormalizowany nr książki - ISBN [ , ]
    • a
    • Numer ISBN
    • 9789041147295 Find
040 -Instytucja sporządzająca opis [ , ]
    • a
    • Instytucja, która sporządziła opis (NP)
    • SZCZ U/DL
    • c
    • Instytucja, która sporządziła rekord (NP)
    • SZCZ U/DL
    • d
    • Instytucja, która zmodyfikowała rekord (P)
    • SZCZ U/JŚ
041 -Język dokumentu [0, ]
    • a
    • Język tekstu (P)
    • angielski
044 -Kraj miejsca wydania [ , ]
    • a
    • Kraj miejsca wydania
    • Niderlandy
942 -Rodzaj dokumentu [ , ]
    • c
    • Rodzaj dokumentu
    • Książka
245 -Strefa tytułu i oznaczenia odpowiedzialności [0,0]
    • a
    • Tytuł
    • Transport law in Turkey / Find
    • c
    • Pozostałe elementy strefy tytułu i oznaczenia odpowiedzialności (NP)
    • Kerim Atamer [et al.].
260 -Strefa adresu wydawniczego [ , ]
    • a
    • Miejsce wydania (P)
    • Alphen aan den Rijn :
    • b
    • Nazwa wydawcy (P)
    • Wolters Kluwer Law & Business,
    • c
    • Data wydania (P)
    • cop. 2013.
300 -Strefa opisu fizycznego [ , ]
    • a
    • Określenie formy książki i/lub objętość (NP)
    • 288 s. ;
    • c
    • Format (NP)
    • 24 cm.
500 -Uwaga ogólna [ , ]
    • a
    • Uwaga ogólna (NP)
    • Na s. tyt.: This book was originally published as a monograph in the International Encyclopaedia of Laws/Transport Law.
504 -Uwaga dot. bibliogr. załącznikowej [ , ]
    • a
    • Uwaga dot. bibliografii załącznikowej
    • Bibliogr. Ind.
080 -Uniwersalna Klasyfikacja Dziesiętna [ , ]
    • 2
    • Identyfikator wydania tablic
    • UDC-P058
    • 9
    • UKD
    • 3645
    • a
    • Symbol klasyfikacji
    • 351.81
    • b
    • Dopowiedzenie
    • Nadzór nad komunikacją, łącznością i transportem. Ruch drogowy, kolejowy, lotniczy i wodny. Zarządzenia dotyczące ulic i mostów. Oświetlenie ulic. Sygnalizacja świetlna. Nadzór nad pojazdami. Kontrola stanu technicznego pojazdów. Służby ruchu lotniczego. Prawo pocztowe. Nadzór nad telekomunikacją
    • 4
    • UKD2
    • 7644
    • x
    • Poddział wspólny
    • =111
    • c
    • Dopowiedzenie poddz. wspólnego
    • =Język angielski.
    • 4
    • UKD2
    • 17078
    • x
    • Poddział wspólny
    • (560)
    • c
    • Dopowiedzenie poddz. wspólnego
    • (Turcja).
980 -Symbol UKD [ , ]
    • a
    • UKD
    • 351.81(560)=111
700 -Hasło dodatkowe - nazwa osobowa [1, ]
    • 9
    • KHW
    • 68144
    • a
    • Nazwa osobowa (NP)
    • Atamer, Kerim Find
    • d
    • Daty biograficzne (NP)
    • (1965- ).
710 -Hasło dodatkowe - nazwa ciała zbiorowego [2, ]
    • 4
    • Kod relacji
    • pbl
    • 9
    • KHW
    • 68143
    • a
    • Nazwa ciała zbiorowego lub nazwa geograficzna jako pierwszy element (NP)
    • Wolters Kluwer Law & Business.
920 -ISBN [ , ]
    • a
    • ISBN
    • 978-90-411-4729-5 Find
Sygnatura Numer inwentarzowy Status udost. Data inwentaryzacji Lokalizacja
T.14301T.14301-22014-01-08T